Welcome to CU Library Online Public Access Catalogue (OPAC)

Cases in strategic management / (Record no. 4006)

MARC details
000 -LEADER
fixed length control field 00828cam a2200253 a 4500
001 - CONTROL NUMBER
control field 2978515
005 - DATE AND TIME OF LATEST TRANSACTION
control field 20250220203413.0
008 - FIXED-LENGTH DATA ELEMENTS--GENERAL INFORMATION
fixed length control field 921006s1993 ilua 000 0 eng
020 ## - INTERNATIONAL STANDARD BOOK NUMBER
International Standard Book Number 025614124X
020 ## - INTERNATIONAL STANDARD BOOK NUMBER
International Standard Book Number 9780256141245
050 00 - LIBRARY OF CONGRESS CALL NUMBER
Classification number HD30.28
Item number .C43 1993
082 00 - DEWEY DECIMAL CLASSIFICATION NUMBER
Classification number 658.4/012
Edition information 20
100 1# - MAIN ENTRY--PERSONAL NAME
Personal name Certo, Samuel C.
245 10 - TITLE STATEMENT
Title Cases in strategic management /
Statement of responsibility, etc. Samuel C. Certo, J. Paul Peter.
250 ## - EDITION STATEMENT
Edition statement 2nd ed.
260 ## - PUBLICATION, DISTRIBUTION, ETC.
Place of publication, distribution, etc. Homewood, IL :
Name of publisher, distributor, etc. Austen Press :
-- Irwin,
Date of publication, distribution, etc. c1993.
300 ## - PHYSICAL DESCRIPTION
Extent xiv, 823 p. :
Other physical details ill. ;
Dimensions 23 cm.
500 ## - GENERAL NOTE
General note Rev. ed. of: Strategic management. 1st ed. 1988.
650 #0 - SUBJECT ADDED ENTRY--TOPICAL TERM
Topical term or geographic name entry element Business planning
Geographic subdivision United States.
650 #0 - SUBJECT ADDED ENTRY--TOPICAL TERM
Topical term or geographic name entry element Business planning
Geographic subdivision United States
General subdivision Case studies.
700 1# - ADDED ENTRY--PERSONAL NAME
Personal name Peter, J. Paul.
700 1# - ADDED ENTRY--PERSONAL NAME
Personal name Certo, Samuel C.
Title of a work Strategic management.
942 ## - ADDED ENTRY ELEMENTS (KOHA)
Source of classification or shelving scheme Library of Congress Classification
Koha item type Books
Edition 2nd Ed.
Suppress in OPAC No
999 ## -
-- 4006
-- 4006
Holdings
Withdrawn status Lost status Source of classification or shelving scheme Damaged status Not for loan Collection Home library Current library Shelving location Date acquired Total checkouts Full call number Barcode Date last seen Copy number Price effective from Koha item type
    Library of Congress Classification     Non-fiction Business Library (Miotso) Business Library (Miotso) General stacks 02/20/2025   HD30.28 .C43 1993 BSSM00000877 02/20/2025 1 02/20/2025 Books
© 2023-2024 Copyright: Central University Libraries. All Rights Reserved | Created by: Mahone Tech Office